000
00268nam a2200109Ia 4500
008
230320s9999||||xx |||||||||||||| ||spa||
082
_a
343.8/H82
100
_a
Huamaní Cueva, Rosendo
245
0
_a
Código Tributario : Comentado
260
_b
Jurista
942
_8
1
_c
LIB
999
_c
49172
_d
49172